| 000 | 00534nam a2200181Ia 4500 | ||
|---|---|---|---|
| 003 | GCL | ||
| 008 | 140319s9999 xx 000 0 ara d | ||
| 040 |
_aGCL / _cGCL |
||
| 082 | 0 | 4 |
_a813.01 _bا ل |
| 100 | 1 | _aاحمد فؤاد سيف النصر | |
| 245 | 1 | 0 |
_aلصوص الجبل الغربى / _cاحمد فؤاد سيف النصر |
| 300 | _a79 ص | ||
| 490 |
_aاصوات ادبية _v0 |
||
| 650 | 0 | 4 | _aالادب العربى |
| 650 | 0 | 4 | _aالقصص العربية |
| 650 | 0 | 4 | _aالقصص القصيرة |
| 942 |
_2ddc _cBK |
||
| 999 |
_c50720 _d50720 |
||